000 00551nam a2200217Ia 4500
003 OSt
005 20221007082842.0
006 a|||||r|||| 00| 0
007 ta
008 221006b |||||||| |||| 00| 0 eng d
024 _a30,332
037 _cDissertations
040 _aFLL
_cFLL
_beng
041 _2eng
_aeng
100 _aBahadur Dolly Raj
_9699645
245 0 _aLaw a means for insuring survival of women in India
260 _c2008
300 _a99p
_ccm.
942 _cDIS
_2CC
999 _c1167959
_d1167959